000 01171nam a2200265 a 4500
001 39351
003 BD-RjUL
005 20211209052955.0
008 160407s2013 ii ||||| |||| 001 e ben d
020 _a9789350402979
_c: Tk. 800.00
035 _a(BD-RjUL)
040 _aBD-RjUL
_bben
_cBD-RjUL
041 _aben
082 _223
_a320.011
_bSEN 2013
100 _aসেন, অমত্য
_9121313
245 1 0 _aনীতি ও ন্যায্যতা /
_cঅমর্ত্য সেন ; অনির্বাণ চট্টোপাধ্যায়, কুমার রাণা, সম্পাদক
260 _aকলকাতা :
_bআনন্দ,
_c২০১৩
300 _a[১৫], ৮, ৫২৬ পৃ. ;
_c২৫ সেমি.
500 _aনাম ও বিষয় নির্দেশিকা সংযুক্ত
650 _aসামাজিক চুক্তি
_9121307
650 _aSocial Contract
_9121308
700 _aচট্টোপাধ্যায়, অনির্বাণ, সম্পাদক
_9121314
700 _aরাণা, কুমার, সম্পাদক
_9121315
942 _2ddc
_cBK
999 _c39351
_d39351